Positioned for success (Record no. 75396)

MARC details
000 -LEADER
fixed length control field 01090cab a2200193 4500
001 - CONTROL NUMBER
control field L130019
008 - FIXED-LENGTH DATA ELEMENTS--GENERAL INFORMATION
fixed length control field 050615n2005 000 0 eng u
035 ## - SYSTEM CONTROL NUMBER
System control number (Sirsi) u130019
041 ## - LANGUAGE CODE
Language code of text/sound track or separate title eng
100 ## - MAIN ENTRY--PERSONAL NAME
Personal name Valenziano, Stephen
245 ## - TITLE STATEMENT
Title Positioned for success
Remainder of title designing the optimal corporate real estate organisation
260 ## - PUBLICATION, DISTRIBUTION, ETC.
Date of publication, distribution, etc. 2005
490 ## - SERIES STATEMENT
Series statement Journal of Corporate Real Estate
Volume/sequential designation 7(2) 2005, 129-144(16)
520 ## - SUMMARY, ETC.
Summary, etc. Discusses how to go about the redesign of an organisation. Much of conventional organisational thinking in corporate real estate is inwardly focused. This paper, the first of a three-part series, suggests beginning with a more comprehensive view of the forces of change and a company's external environment. Concludes with a review of organisational structures and suggestions for ways to approach an organisational redesign of a corporate real estate department. [Taken from journal abstract].
590 ## - LOCAL NOTE (RLIN)
Local note IKA210605
690 ## - LOCAL SUBJECT ADDED ENTRY--TOPICAL TERM (OCLC, RLIN)
Topical term or geographic name as entry element PROPERTY-COMMERCIAL PROPERTY-CORPORATE REAL ESTATE-CORPORATE REAL ESTATE MANAGEMENT
700 ## - ADDED ENTRY--PERSONAL NAME
Personal name Kious, Lynn
942 ## - ADDED ENTRY ELEMENTS (KOHA)
Suppress in OPAC 0
Holdings
Withdrawn status Lost status Source of classification or shelving scheme Damaged status Not for loan Home library Current library Shelving location Date acquired Total Checkouts Full call number Barcode Date last seen Copy number Price effective from Koha item type
    Dewey Decimal Classification     London London Journal article 15/06/2005   L130019 130019-1001 06/08/2019 1 06/08/2019 Journal article